000 00802nam a2200277 i 4500
001 000034029
003 DO-SdBNP
005 20231010095620.0
007 ta
008 110921s2004 es 000 0 spa d
020 _a8497645405
040 _aDO-SdBNP
_bspa
_cBNPHU
_erda
049 _aBNPD
082 4 _222
100 1 _aQuevedo, Francisco de
_d,1580-1645
_96261
_eautor
245 1 3 _aEl buscón /
_cFrancisco de Quevedo
264 _aMadrid :
_bEdimat Libros,
_c2004.
300 _a211 páginas ;
_c20 cm.
336 _2rdacontent
_atexto
_btxt
337 _2rdamedia
_asin mediación
_bn
338 _2rdacarrier
_avolumen
_bnc
500 _aIncluye referencias bibliográficas y notas al pie de las páginas
590 _aInventariado, 2023/BT
910 _aBtavárez
942 _2ddc
_cLBS1
999 _c33520
_d33520